| 000 | 00624nam a2200253 i 4500 | ||
|---|---|---|---|
| 001 | bgj | ||
| 100 | 1 |
_aWEBB, Charles _d(1939- ) |
|
| 245 | 1 | 0 |
_aThe Graduate / _cCharles Webb. |
| 260 |
_aLondon [etc.] : _bPenguin Books, _c1968. |
||
| 300 |
_a192 pp ; _c20 cm. |
||
| 650 | 9 | _aCollege graduates | |
| 650 | 9 | _aMothers and daughters | |
| 650 | 9 | _aMistresses | |
| 650 | 9 | _aYoung men | |
| 650 | 9 | _aBildungsromanes | |
| 650 | 9 | _aLove stories | |
| 655 | _aFiction | ||
| 020 | _a0140026932 | ||
| 040 | _cBPK | ||
| 041 | 0 | _aeng | |
| 920 | _a0-14-002693-2 | ||
| 942 | _cKS | ||
| 008 | s uk f |000 0 eng | ||
| 999 |
_c47786 _d47786 |
||
| 856 |
_uhttp://koha.tu.koszalin.pl/cgi-bin/koha/opac-detail.pl?biblionumber=47786 _yKatalog online BPK |
||